000 00714nam a22001577a 4500
003 OSt
005 20150921134308.0
008 150921b xxu||||| |||| 00| 0 eng d
040 _cRUA
082 _aAGR LIM 2008 B035 Or.1
100 _91009
_aLIM SOPHORNTHIDA
245 _aUSING ORGANIC FERTILIZER ON BUNCHING ONION AT CROP STATION OF ROYAL UNIVERSITY OF AGRICULTURE,(ការប្រើប្រាស់ជីធម្មជាតិលើដំណាំខ្ទឹមស្លឹក នៅស្ថានីយ៍ដំណាំនៃសាកលវិទ្យាល័យភូមិន្ទកសិកម្ម)
260 _aphnom penh
_bRUA
_c2008
300 _ax,52p.
_cill.
_g29cm.
942 _2ddc
_cAGR
999 _c967
_d967